000 00624cam a22002174a 4500
005 20250605164311.0
008 250528s ||||||||||||||||||||||||d
035 _a22499
020 _a9789603948506
040 _aGR-AtMCL
_bgre
_dGR-AtMCL
_eAACR2
245 1 _aΨΥΧΙΚΗ ΥΓΕΙΑ ΠΑΙΔΙΩΝ ΚΑΙ ΕΦΗΒΩΝ / ΘΕΩΡΙΑ ΚΑΙ ΠΡΑΞΗ
250 _a1
260 _bΕκδόσεις Παρισιάνου,
_c2005
300 _a478
700 1 _aCooper Michael
_96823
700 1 _aHooper Cristine
_96824
700 1 _aThompson Margaret
_96825
942 _cBK
999 _c7551
_d7551